[Event "AUTO-ADV-2962"]
[Site "http://www.queenalice.com/game.php?id=1264289"]
[Date "2014.3.12"]
[Round "2"]
[White "Fervac763"]
[Black "henriq19"]
[Result "1-0"]
[WhiteElo "2051"]
[BlackElo "1891"]

1. d4 d5 2. Nf3 Nf6 3. c4 c6 4. Nc3 Bg4 5. Ne5 Bf5 6. cxd5 cxd5 7. Qb3 Qc7 8.
Nxd5 Nxd5 9. Qxd5 e6 10. Qb5+ Nd7 11. Bf4 Bd6 12. Rc1 Qb6 13. Qxd7+ 1-0

[Event "AUTO-OPEN-3083"]
[Site "http://www.queenalice.com/game.php?id=1269646"]
[Date "2014.4.1"]
[Round "2"]
[White "Fervac763"]
[Black "goldenboy"]
[Result "0-1"]
[WhiteElo "1995"]
[BlackElo "1999"]

1. d4 d5 2. Nf3 c5 3. dxc5 Nc6 4. g3 e5 5. Bg2 Bxc5 6. O-O e4 7. Nfd2 Nf6 8. Nb3
Bb6 9. Na3 O-O 10. c4 dxc4 11. Nxc4 Bc7 12. Bg5 Bf5 13. Qxd8 Bxd8 14. Nd6 Bg6
15. Nxb7 Be7 16. Rac1 Nb4 17. a3 Nbd5 18. N3c5 Rab8 19. b4 h6 20. Bxf6 Nxf6 21.
Rfd1 Bxc5 22. Nxc5 Rfc8 23. Rd4 Re8 24. e3 Rbd8 25. Rcd1 Rxd4 26. Rxd4 Re5 27.
Kf1 a5 28. h3 axb4 29. axb4 h5 30. Ke1 Kf8 31. Nd7+ Nxd7 32. Rxd7 Rb5 33. Rd4
Re5 34. Bf1 Re8 35. b5 Rb8 36. Kd2 f5 37. Bc4 Be8 38. Rd5 g6 0-1

[Event "AUTO-OPEN-3083"]
[Site "http://www.queenalice.com/game.php?id=1269647"]
[Date "2014.4.1"]
[Round "2"]
[White "goldenboy"]
[Black "Fervac763"]
[Result "1-0"]
[WhiteElo "2015"]
[BlackElo "1979"]

1. e4 c5 2. f4 d6 3. b3 Nf6 4. Nc3 g6 5. d4 cxd4 6. Qxd4 Nc6 7. Bb5 Bd7 8. Bxc6
Bxc6 9. Bb2 Bg7 10. O-O-O O-O 11. Qd3 Qa5 12. Nf3 Rac8 13. Kb1 Rfd8 14. Rhe1 b5
15. Nd4 b4 16. Nxc6 Rxc6 17. Nd5 Nxd5 18. exd5 Ra6 19. a4 bxa3 20. Bxg7 a2+ 21.
Ka1 Kxg7 22. Rxe7 Rc8 23. Qd4+ Kg8 24. Qf6 Qc3+ 25. Qxc3 Rxc3 26. Rc1 Kf8 27.
Re4 Rc5 28. c4 Rc8 29. Rc2 Rb8 30. Re3 Ra3 31. Rxa2 Raxb3 32. Rxb3 Rxb3 33. Rxa7
Rc3 34. Rd7 Rxc4 35. Rxd6 Rxf4 36. Rc6 Rd4 37. d6 Ke8 38. Kb1 1-0

[Event "AUTO-OPEN-3083"]
[Site "http://www.queenalice.com/game.php?id=1269648"]
[Date "2014.4.1"]
[Round "2"]
[White "Fervac763"]
[Black "mikena_zaitsev"]
[Result "0-1"]
[WhiteElo "2061"]
[BlackElo "2199"]

1. d4 d5 2. Nf3 Nc6 3. c4 Bg4 4. e3 e6 5. Nc3 Nf6 6. cxd5 exd5 7. Qb3 a6 8. Be2
Bf5 9. O-O Bd6 10. Bd2 O-O 11. Rac1 Rb8 12. Na4 Ne4 13. Rfd1 Re8 14. g3 Qf6 15.
Qxd5 Ne7 16. Qb3 Bg4 17. Kg2 Nf5 18. Nc3 Nxc3 19. Bxc3 Nxe3+ 20. fxe3 Rxe3 0-1

[Event "AUTO-OPEN-3083"]
[Site "http://www.queenalice.com/game.php?id=1269649"]
[Date "2014.4.1"]
[Round "2"]
[White "mikena_zaitsev"]
[Black "Fervac763"]
[Result "1-0"]
[WhiteElo "2219"]
[BlackElo "1962"]

1. e4 c5 2. Nf3 d6 3. d4 cxd4 4. Nxd4 Nf6 5. Nc3 a6 6. Bc4 e6 7. Bb3 Nbd7 8. Bg5
Nc5 9. O-O Be7 10. Re1 Qc7 11. f3 b5 12. Bd5 Bb7 13. Bxb7 Qxb7 14. b4 Ncd7 15.
Qd2 Rc8 16. a4 bxa4 17. Nxa4 O-O 18. c3 Ne5 19. Qe2 Nc4 20. Nb2 Nxb2 21. Qxb2 h6
22. Be3 d5 23. e5 Nd7 24. f4 Nb6 25. f5 Nc4 26. Qe2 Nxe3 27. Qxe3 Bg5 28. Qd3
exf5 29. Nxf5 1-0

[Event "AUTO-MASTER-2082"]
[Site "http://www.queenalice.com/game.php?id=1279035"]
[Date "2014.5.5"]
[Round "1"]
[White "Fervac763"]
[Black "dksece"]
[Result "1/2-1/2"]
[WhiteElo "1969"]
[BlackElo "2177"]

1. d4 d5 2. Nf3 Bf5 3. Bf4 e6 4. c4 Nc6 5. Nc3 Nf6 6. e3 Bd6 7. Bxd6 cxd6 8.
cxd5 Nxd5 9. Nxd5 exd5 10. Be2 Qb6 11. Qb3 Qxb3 12. axb3 O-O 13. Kd2 a6 14. Ne1
Bd7 15. Nd3 Ne7 16. Bf3 Rac8 17. Rhc1 Bc6 18. Nb4 f5 19. Nxc6 bxc6 20. Rxa6 Rb8
21. Rc3 Rfc8 22. Kc2 Kf8 23. Ra7 Ke8 24. g4 g6 25. gxf5 gxf5 26. Bh5+ Kf8 27.
Rd7 Rd8 28. Ra7 Ra8 29. Rxa8 Rxa8 30. Kb1 Kg7 31. Rc1 Rb8 32. Kc2 f4 33. Rg1+
Kf6 34. Be2 Nf5 35. Bg4 fxe3 36. Bxf5 exf2 37. Rf1 Kxf5 38. Rxf2+ Ke4 39. Kc3 c5
40. Re2+ Kf3 41. Re7 cxd4+ 42. Kxd4 Rxb3 43. Rxh7 Rxb2 1/2-1/2

[Event "AUTO-MASTER-2082"]
[Site "http://www.queenalice.com/game.php?id=1279036"]
[Date "2014.5.5"]
[Round "1"]
[White "dksece"]
[Black "Fervac763"]
[Result "0-1"]
[WhiteElo "2230"]
[BlackElo "2051"]

1. d4 Nf6 2. Bf4 d5 3. e3 e6 4. Nd2 Bd6 5. Bg3 O-O 6. Bd3 b6 7. Qe2 a5 8. Ngf3
Ba6 9. Bxa6 Nxa6 10. Ne5 c5 11. O-O Qc7 12. c3 Nb8 13. f4 Nc6 14. Bh4 Nd7 15.
Ndf3 f6 16. Nxd7 Qxd7 17. Bg3 Rfe8 18. Qd2 Bc7 19. Rae1 Rad8 20. Qc2 h6 21. Bf2
e5 22. fxe5 fxe5 23. dxc5 bxc5 24. Rd1 e4 25. Nd2 Qe6 26. Nb3 Bb6 27. Qe2 Ne5
28. Rfe1 Nd3 29. Rf1 a4 30. Nc1 c4 31. b3 axb3 32. axb3 Ra8 33. bxc4 dxc4 0-1

[Event "AUTO-MASTER-2082"]
[Site "http://www.queenalice.com/game.php?id=1279037"]
[Date "2014.5.5"]
[Round "1"]
[White "Fervac763"]
[Black "falekhine"]
[Result "0-1"]
[WhiteElo "2020"]
[BlackElo "2068"]

1. d4 c5 2. d5 e6 3. c4 exd5 4. cxd5 d6 5. Nc3 Nf6 6. e4 g6 7. Nf3 Bg4 8. Be2
Bg7 9. O-O O-O 10. h3 Bxf3 11. Bxf3 Nbd7 12. Bf4 Ne8 13. Be2 a6 14. a4 f5 15.
exf5 Rxf5 16. Bg3 Be5 17. Bg4 Rf8 18. Be6+ Kg7 19. Bxd7 Qxd7 20. Bxe5+ dxe5 0-1

[Event "AUTO-MASTER-2082"]
[Site "http://www.queenalice.com/game.php?id=1279038"]
[Date "2014.5.5"]
[Round "1"]
[White "falekhine"]
[Black "Fervac763"]
[Result "1-0"]
[WhiteElo "2053"]
[BlackElo "2035"]

1. d4 Nf6 2. c4 c5 3. d5 e6 4. Nc3 exd5 5. cxd5 d6 6. e4 g6 7. Bb5+ Nfd7 8. Be3
Bg7 9. Nge2 O-O 10. O-O Na6 11. a3 Nc7 12. Bd3 a6 13. f4 b5 14. Rc1 Bb7 15. Bb1
Re8 16. Bf2 Nb6 17. b4 cxb4 18. Bxb6 bxc3 19. Nxc3 Rc8 20. Ne2 Qe7 21. Qd3 1-0

[Event "AUTO-MASTER-2082"]
[Site "http://www.queenalice.com/game.php?id=1279039"]
[Date "2014.5.5"]
[Round "1"]
[White "Fervac763"]
[Black "worldwide"]
[Result "0-1"]
[WhiteElo "2053"]
[BlackElo "2006"]

1. d4 g6 2. c4 Bg7 3. Nf3 d6 4. Bf4 Nf6 5. Nc3 O-O 6. h3 b6 7. e3 Bb7 8. Be2 Ne4
9. Qc2 Nxc3 10. Qxc3 Nd7 11. O-O c5 12. Rfd1 Re8 13. Qc2 e5 14. dxe5 dxe5 15.
Bg5 f6 16. Bh4 Qc7 0-1

[Event "AUTO-MASTER-2082"]
[Site "http://www.queenalice.com/game.php?id=1279040"]
[Date "2014.5.5"]
[Round "1"]
[White "worldwide"]
[Black "Fervac763"]
[Result "1-0"]
[WhiteElo "1987"]
[BlackElo "2072"]

1. d4 Nf6 2. g3 c5 3. Bg2 cxd4 4. Qxd4 Nc6 5. Qd1 g6 6. Nf3 Bg7 7. O-O O-O 8. c4
d6 9. Nc3 Be6 10. Nd2 Qd7 11. Nce4 Nxe4 12. Nxe4 Bxc4 13. Nd2 Be6 14. e3 Rac8
15. Nb3 Rfd8 16. Qe2 Nb4 17. Be4 1-0

[Event "AUTO-ADV-2964"]
[Site "http://www.queenalice.com/game.php?id=1286959"]
[Date "2014.6.9"]
[Round "2"]
[White "sidneyjmg"]
[Black "Fervac763"]
[Result "1-0"]
[WhiteElo "2488"]
[BlackElo "2074"]

1. e4 c5 2. Nf3 d6 3. Bb5+ Bd7 4. Bxd7+ Qxd7 5. d4 cxd4 6. Qxd4 Nc6 7. Qc4 Rc8
8. O-O Nf6 9. Nc3 e6 10. Rd1 a6 11. Qd3 Qc7 12. Bf4 Ne5 13. Nxe5 dxe5 14. Bg5
Be7 15. Qg3 O-O 16. Bh6 Ne8 17. Be3 b5 18. a3 Kh8 19. Rd3 1-0

[Event "AUTO-ADV-2964"]
[Site "http://www.queenalice.com/game.php?id=1286960"]
[Date "2014.6.9"]
[Round "2"]
[White "Fervac763"]
[Black "sidneyjmg"]
[Result "0-1"]
[WhiteElo "1964"]
[BlackElo "2490"]

1. d4 Nf6 2. Nf3 e6 3. c4 Bb4+ 4. Bd2 Bxd2+ 5. Qxd2 O-O 6. Nc3 d6 7. g3 Nc6 8.
Bg2 e5 9. O-O exd4 10. Nxd4 Bd7 11. b3 a6 12. Rad1 Re8 13. e3 Rb8 14. Nxc6 Bxc6
15. Nd5 Ne4 16. Qd4 Nc5 17. Rfe1 Bxd5 18. Bxd5 a5 0-1

[Event "AUTO-MASTER-1973"]
[Site "http://www.queenalice.com/game.php?id=1298942"]
[Date "2014.8.3"]
[Round "2"]
[White "Zugswang"]
[Black "Fervac763"]
[Result "1-0"]
[WhiteElo "2222"]
[BlackElo "2049"]

1. e4 c5 2. Nc3 d6 3. g3 g6 4. Bg2 Bg7 5. Nge2 Nc6 6. O-O Nf6 7. h3 O-O 8. f4
Rb8 9. g4 Nd7 10. Kh2 Nd4 11. Ng3 b5 12. Nd5 e6 13. Ne3 Bb7 14. c3 Nc6 15. g5
1-0

[Event "AUTO-MASTER-1973"]
[Site "http://www.queenalice.com/game.php?id=1298943"]
[Date "2014.8.3"]
[Round "2"]
[White "Fervac763"]
[Black "Zugswang"]
[Result "0-1"]
[WhiteElo "2040"]
[BlackElo "2229"]

1. d4 Nf6 2. Nf3 g6 3. c4 c5 4. d5 b5 5. cxb5 a6 6. Nc3 d6 7. e4 Nbd7 8. a4 Bg7
9. Bd3 O-O 10. O-O Ng4 11. Bf4 h6 12. h3 Nge5 13. Nxe5 Nxe5 14. Qd2 Kh7 15. Be3
Nxd3 0-1